God in action, (Record no. 4706)

MARC details
000 -LEADER
fixed length control field 00654cam a2200229 4500
001 - CONTROL NUMBER
control field 1702797
003 - CONTROL NUMBER IDENTIFIER
control field GBCCL
005 - DATE AND TIME OF LATEST TRANSACTION
control field 20241126110524.0
008 - FIXED-LENGTH DATA ELEMENTS--GENERAL INFORMATION
fixed length control field 680301s1968 miu 000 0 eng
010 ## -
-- 68012789
040 ## - CATALOGING SOURCE
Original cataloging agency DLC
Transcribing agency DLC
Modifying agency DLC
050 00 -
-- BX5937.M65
-- G59
082 00 - DEWEY DECIMAL CLASSIFICATION NUMBER
Classification number 252.03
Item number MOR
100 1# - MAIN ENTRY--PERSONAL NAME
Personal name Morris, Frederick M.
9 (RLIN) 8610
245 10 - TITLE STATEMENT
Title God in action,
Statement of responsibility, etc. by Frederick M. Morris.
260 ## - PUBLICATION, DISTRIBUTION, ETC.
Place of publication, distribution, etc. Grand Rapids,
Name of publisher, distributor, etc. W. B. Eerdmans Pub. Co.
Date of publication, distribution, etc. [1968]
300 ## - PHYSICAL DESCRIPTION
Extent 77 p.
Dimensions 21 cm.
610 20 - SUBJECT ADDED ENTRY--CORPORATE NAME
Corporate name or jurisdiction name as entry element Episcopal Church
General subdivision Sermons.
9 (RLIN) 8611
650 #0 - SUBJECT ADDED ENTRY--TOPICAL TERM
Topical term or geographic name entry element Sermons, American.
9 (RLIN) 270
906 ## - LOCAL DATA ELEMENT F, LDF (RLIN)
a 7
b cbc
c orignew
d u
e ncip
f 19
g y-gencatlg
942 ## - ADDED ENTRY ELEMENTS (KOHA)
Source of classification or shelving scheme Dewey Decimal Classification
Koha item type Books
Holdings
Withdrawn status Lost status Source of classification or shelving scheme Damaged status Not for loan Home library Current Library Shelving location Date acquired Total checkouts Full call number Barcode Date last seen Copy number Price effective from Koha item type
    Dewey Decimal Classification     GRACE BIBLE COLLEGE GRACE BIBLE COLLEGE Ministry & Mission 2018-02-01   252.03 MOR 002069 2025-05-01 c.1 2018-02-01 Books
© Grace Bible College Library 2025